| 000 -LEADER |
| fixed length control field |
00639cam a2200205 i 4500 |
| 020 ## - INTERNATIONAL STANDARD BOOK NUMBER |
| ISBN |
9781412998987 (pbk. : alk. paper) |
| 020 ## - INTERNATIONAL STANDARD BOOK NUMBER |
| ISBN |
1412998980 (pbk. : alk. paper) |
| 040 ## - CATALOGING SOURCE |
| Transcribing agency |
DLC |
| 082 00 - DEWEY DECIMAL CLASSIFICATION NUMBER |
| Classification number |
362 RAN 2003 C165 Or. |
| 100 1# - MAIN ENTRY--AUTHOR NAME |
| Personal name |
Osten, Kevin A |
| 245 10 - TITLE STATEMENT |
| Title |
Integrating 12-steps and psychotherapy : |
| Remainder of title |
helping clients find sobriety and recovery / |
| 246 3# - VARYING FORM OF TITLE |
| Title proper/short title |
Integrating twelve-steps and psychotherapy |
| 300 ## - PHYSICAL DESCRIPTION |
| Number of Pages |
xiii, 219 pages : |
| Other physical details |
illustrations ; |
| Dimensions |
28 cm |
| 650 #0 - SUBJECT ADDED ENTRY--TOPICAL TERM |
| Topical Term |
Substance abuse |
| 650 #0 - SUBJECT ADDED ENTRY--TOPICAL TERM |
| Topical Term |
Twelve-step programs |
| 650 #0 - SUBJECT ADDED ENTRY--TOPICAL TERM |
| Topical Term |
Psychotherapy |
| 650 #0 - SUBJECT ADDED ENTRY--TOPICAL TERM |
| Topical Term |
Addicts |
| 700 1# - ADDED ENTRY--PERSONAL NAME |
| Personal name |
Switzer, Robert, |
| 942 ## - ADDED ENTRY ELEMENTS (KOHA) |
| Koha item type |
ADB |
| 952 ## - LOCATION AND ITEM INFORMATION (KOHA) |
| Withdrawn status [LOCAL, KOHA] |
0 |